000 02292cam0a2200505 4500
001 14013
003 http://www.sudoc.fr/074081748
005 20260129114617.0
010 _a2842601319
_d13,80 EUR
035 _a(OCoLC)402410474
035 _a651458
073 1 _a9782842601317
090 _a14013
099 _o0
100 _a20030916d2003 m y0frey50 ba
101 0 _afre
102 _aFR
105 _ay ||||000by
181 _6z01
_ctxt
_2rdacontent
181 1 _6z01
_ai#
_bxxxe##
182 _6z01
_cn
_2rdamedia
182 1 _6z01
_an
183 1 _6z01
_anga
_2RDAfrCarrier
200 1 _aDivertissements touristiques
_aL'entre-deux
_aRose, la nuit australienne
_asuivi de 8
_bLIVR
214 0 _cÉditions théâtrales
_dDL. 2003
214 0 _aParis
215 _a1 vol. (103 p.)
215 _ccouv. ill.
_d21 cm
225 0 _aRépertoire contemporain
323 _aindéfini
330 _a Tout est prétexte au jeu dans l'écriture de Noëlle Renaude. De ses premiers textes, Divertissements touristiques, L'Entre-deux et Rose, la nuit australienne, jusqu'à 8, son dernier, les mots et les formes s'enchaînent dans une horreur joyeuse. Une écriture des contrastes entre gaieté apparente et gravité certaine. Puis, au détour d'une phrase, anodine, discrète, l'auteur nous cueille, nous saisit, nous embarque dans une course folle. On saute du salon à la courette, de la banquette arrière sordide à la grange du pendu, du monologue fluide au dialogue éclaté. La vie est là : médiocre et sublime, mais toujours exposée, sans fard ni retenue. On ose, chez elle, tout haut ce que le lecteur pense tout bas. Peu à peu, sans avoir l'air d'y toucher, chacun invente, avec Renaude, un théâtre du mouvement perpétuel.
410 _007625495X
410 _tCollection Répertoire contemporain
_x1760-2947
464 _t˜L'œentre-deux
464 _tRose, la nuit australienne
464 _t8
517 _aHuit
608 _3027814157
_aThéâtre (genre littéraire) français
_3086305646
_z20e siècle
_2rameau
676 _a842
_v21
700 1 _aRenaude
_bNoëlle
_f1949-....
700 1 _3029129109
_cdramaturge
_4070
801 3 _aFR
_bAbes
_c20250408
_gAFNOR
801 3 _aFR
_bBN
_c19990129
_gAFNOR
801 1 _aUS
_bOCLC
_gAACR2
801 2 _aFR
_bAUROC